000 00385nam a2200157Ia 4500
008 221030s9999 xx 000 0 und d
020 _a8188114219
041 _aEnglish
082 _a105.23
_bJin
100 _aR. Jindal
245 0 _aCompilers - Construction & Design
_cby R. Jindal
260 _bUmesh Pub
_aNew Delhi
_c2004
300 _a370
650 _aBE Computer
942 _cBK
999 _c3946
_d3946